000 00708nam a2200289Ia 4500
005 20260324145234.0
008 008 260324s9999 xx 000 0 eng d
020 _a9781315135885
037 _aEBOOK
040 _aCRL
040 _beng
040 _cCRL
041 _2eng
041 _aeng
084 _qCRL
100 _aEdward Shorter
_91157183
245 0 _aWomen's Bodies
245 2 _bA Social History of Women's Encounter with Health, Ill-Health and Medicine
260 _bTaylor and Francis
260 _c1984
365 _a
365 _b230
856 _uhttp://www.taylorfrancis.com/books/9781315135885
942 _cEBOOK
999 _c1829880
_d1829880